Developing, shaping and growing entrepreneurship / (Record no. 1706)
[ view plain ]
| 000 -LEADER | |
|---|---|
| fixed length control field | 01686cam a22003977i 4500 |
| 001 - CONTROL NUMBER | |
| control field | data |
| 005 - DATE AND TIME OF LATEST TRANSACTION | |
| control field | 20260322212114.0 |
| 008 - FIXED-LENGTH DATA ELEMENTS--GENERAL INFORMATION | |
| fixed length control field | data |
| 035 ## - SYSTEM CONTROL NUMBER | |
| System control number | 18311773 |
| 010 ## - LIBRARY OF CONGRESS CONTROL NUMBER | |
| LC control number | 2014952149 |
| 020 ## - INTERNATIONAL STANDARD BOOK NUMBER | |
| International Standard Book Number | 9781784713577 |
| Qualifying information | cased |
| 020 ## - INTERNATIONAL STANDARD BOOK NUMBER | |
| International Standard Book Number | 1784713570 |
| Qualifying information | cased |
| 035 ## - SYSTEM CONTROL NUMBER | |
| System control number | (OCoLC)902659945 |
| 040 ## - CATALOGING SOURCE | |
| Original cataloging agency | BTCTA |
| Language of cataloging | eng |
| Transcribing agency | BTCTA |
| Description conventions | rda |
| Modifying agency | DLC |
| -- | CSU |
| -- | CHVBK |
| -- | DLC |
| 042 ## - AUTHENTICATION CODE | |
| Authentication code | lccopycat |
| 050 00 - LIBRARY OF CONGRESS CALL NUMBER | |
| Classification number | HB615 |
| Item number | .D484 2015 |
| 245 00 - TITLE STATEMENT | |
| Title | Developing, shaping and growing entrepreneurship / |
| Statement of responsibility, etc. | edited by Alain Fayolle, Professor of Entrepreneurship and Director, Entrepreneurship Research Centre, EMLYON Business School, France, Paula Kyrö, Former Professor, Aalto University School of Business, Finland, Francisco Liñán, Associate Professor, University of Seville, Spain. |
| 264 #1 - PRODUCTION, PUBLICATION, DISTRIBUTION, MANUFACTURE, AND COPYRIGHT NOTICE | |
| Place of production, publication, distribution, manufacture | Northampton, MA, USA : |
| -- | Northampton, MA, USA : |
| Name of producer, publisher, distributor, manufacturer | Edward Elgar Publishing, |
| Date of production, publication, distribution, manufacture, or copyright notice | [2015]. |
| 264 #4 - PRODUCTION, PUBLICATION, DISTRIBUTION, MANUFACTURE, AND COPYRIGHT NOTICE | |
| Date of production, publication, distribution, manufacture, or copyright notice | ©2015. |
| 300 ## - PHYSICAL DESCRIPTION | |
| Extent | ix, 370 pages : |
| Other physical details | illustrations, map ; |
| Dimensions | 24 cm. |
| 336 ## - CONTENT TYPE | |
| Content type term | text |
| Content type code | txt |
| Source | rdacontent |
| 337 ## - MEDIA TYPE | |
| Media type term | unmediated |
| Media type code | n |
| Source | rdamedia |
| 338 ## - CARRIER TYPE | |
| Carrier type term | volume |
| Carrier type code | nc |
| Source | rdacarrier |
| 490 1# - SERIES STATEMENT | |
| Series statement | European research in entrepreneurship |
| 504 ## - BIBLIOGRAPHY, ETC. NOTE | |
| Bibliography, etc. note | Includes bibliographical references and index. |
| 650 #0 - SUBJECT ADDED ENTRY--TOPICAL TERM | |
| Topical term or geographic name entry element | Entrepreneurship. |
| 650 #7 - SUBJECT ADDED ENTRY--TOPICAL TERM | |
| Topical term or geographic name entry element | Entrepreneurship. |
| Source of heading or term | gnd |
| Authority record control number or standard number | (DE-588)7588126-3 |
| 700 1# - ADDED ENTRY--PERSONAL NAME | |
| Personal name | Fayolle, Alain, |
| Relator term | editor. |
| 700 1# - ADDED ENTRY--PERSONAL NAME | |
| Personal name | Kyrö, Paula, |
| Dates associated with a name | 1953- |
| Relator term | editor. |
| 700 1# - ADDED ENTRY--PERSONAL NAME | |
| Personal name | Liñán, Francisco, |
| Relator term | editor. |
| 710 2# - ADDED ENTRY--CORPORATE NAME | |
| Corporate name or jurisdiction name as entry element | Edward Elgar Publishing, |
| Relator term | publisher. |
| 830 #0 - SERIES ADDED ENTRY--UNIFORM TITLE | |
| Uniform title | European research in entrepreneurship. |
| 906 ## - LOCAL DATA ELEMENT F, LDF (RLIN) | |
| a | 7 |
| b | cbc |
| c | copycat |
| d | 2 |
| e | ncip |
| f | 20 |
| g | y-gencatlg |
| 925 0# - | |
| -- | acquire |
| -- | 1 shelf copy |
| -- | policy default |
| Withdrawn status | Lost status | Damaged status | Not for loan | Home library | Current library | Shelving location | Date acquired | Total checkouts | Full call number | Barcode | Date last seen | Price effective from | Koha item type |
|---|---|---|---|---|---|---|---|---|---|---|---|---|---|
| Springfield | Springfield | General stacks | 22/03/2026 | HB615 | LOC-SPL-00049 | 22/03/2026 | 22/03/2026 | Books |